The proximity principle (Record no. 108231)

MARC details
000 -LEADER
fixed length control field 01455cad a22002415a 4500
001 - CONTROL NUMBER
control field L143619
008 - FIXED-LENGTH DATA ELEMENTS--GENERAL INFORMATION
fixed length control field 080521e20080520xxk f 000 0 eng d
035 ## - SYSTEM CONTROL NUMBER
System control number (Sirsi) u143619
041 0# - LANGUAGE CODE
Language code of text/sound track or separate title eng
050 04 - LIBRARY OF CONGRESS CALL NUMBER
Classification number 306.1
110 2# - MAIN ENTRY--CORPORATE NAME
Corporate name or jurisdiction name as entry element Campaign to Protect Rural England
9 (RLIN) 4718
245 04 - TITLE STATEMENT
Title The proximity principle
Remainder of title why we are living too far apart
Medium [electronic resource]
260 ## - PUBLICATION, DISTRIBUTION, ETC.
Place of publication, distribution, etc. London
Name of publisher, distributor, etc. CPRE
Date of publication, distribution, etc. 2008
505 2# - FORMATTED CONTENTS NOTE
Formatted contents note A century of dispersal -- What do people want? -- Proximity and connectivity -- Travel - how far, how fast and how? -- Ideal homes and eco-towns -- Existing settlements - city clickers and rural realities -- Where do we go from here?
520 ## - SUMMARY, ETC.
Summary, etc. Promotes the idea of population density as a method of reducing urban sprawl, protecting the countryside and reducing carbon emissions. Argues that while there have been successes in increasing population density in urban areas, rural zones have seen the population moving further apart. Research based on household interviews suggests that in rural areas, this government housing policy is failing to promote cohesive communities.
521 2# - TARGET AUDIENCE NOTE
Target audience note Advanced
590 ## - LOCAL NOTE (RLIN)
Local note KA NTK
651 #4 - SUBJECT ADDED ENTRY--GEOGRAPHIC NAME
Geographic name United Kingdom
Chronological subdivision
690 ## - LOCAL SUBJECT ADDED ENTRY--TOPICAL TERM (OCLC, RLIN)
Topical term or geographic name as entry element PROPERTY-PROPERTY DEVELOPMENT-STRATEGIC PROPERTY DEVELOPMENT
690 ## - LOCAL SUBJECT ADDED ENTRY--TOPICAL TERM (OCLC, RLIN)
Topical term or geographic name as entry element PROPERTY-RESIDENTIAL PROPERTY-DOMESTIC RESIDENTIAL PROPERTY-HOUSING
856 40 - ELECTRONIC LOCATION AND ACCESS
Uniform Resource Identifier <a href="https://www.cpre.org.uk/news/view/496">https://www.cpre.org.uk/news/view/496</a>
Public note View the item free of charge at www.cpre.org.uk...
942 ## - ADDED ENTRY ELEMENTS (KOHA)
Suppress in OPAC 0
Holdings
Withdrawn status Lost status Source of classification or shelving scheme Damaged status Not for loan Home library Current library Shelving location Date acquired Total Checkouts Full call number Barcode Date last seen Copy number Price effective from Koha item type
    Dewey Decimal Classification     Virtual Virtual Online 21/05/2008   ONLINE PUBLICATION 143619-1001 06/08/2019 1 06/08/2019 Book